Statistics for 50 Largest Countries in the World (Area)

Click here to take the quiz!

General Stats

  • This quiz has been taken 784 times
  • The average score is 41 of 50

Answer Stats

HintAnswer% Correct
#5Brazil
99%
#2Canada
99%
#1Russia
99%
#3USA
99%
#4China
98%
#6Australia
96%
#7India
96%
#8Argentina
95%
#14Mexico
94%
#11Algeria
93%
#15Indonesia
91%
#47France
90%
#18Mongolia
90%
#13Saudi Arabia
90%
#24South Africa
90%
#43Ukraine
90%
#17Iran
89%
#19Peru
87%
#25Colombia
86%
#29Egypt
86%
#9Kazakhstan
86%
#16Libya
86%
#21Niger
86%
#35Pakistan
86%
#10Sudan
86%
#36Turkey
84%
#37Chile
83%
#20Chad
81%
#32Venezuela
81%
#22Angola
80%
#27Bolivia
80%
#23Mali
80%
#31Nigeria
80%
#26Ethiopia
79%
#50Spain
75%
#33Namibia
74%
#30Tanzania
74%
#12Democratic Republic of the Congo
71%
#49Thailand
71%
#40Afghanistan
70%
#28Mauritania
70%
#34Mozambique
70%
#46Kenya
68%
#41Somalia
68%
#39Myanmar
66%
#38Zambia
65%
#44Madagascar
64%
#45Botswana
62%
#48Yemen
47%
#42Central African Republic
36%

Score Distribution

Percentile by Number Answered

Percent of People with Each Score

Your Score History

You have not taken this quiz